Normal view
MARC view
- Ms. Manzil e Maqsood
Entry Personal Name
001 - CONTROL NUMBER
- control field: 16511
003 - CONTROL NUMBER IDENTIFIER
- control field: NUST
005 - DATE AND TIME OF LATEST TRANSACTION
- control field: 20190703065307.0
008 - FIXED-LENGTH DATA ELEMENTS
- fixed length control field: 190703|| aca||aabn | a|a d
040 ## - CATALOGING SOURCE
- Original cataloging agency: NUST
- Transcribing agency: NUST
100 ## - HEADING--PERSONAL NAME
- Personal name: Ms. Manzil e Maqsood
670 ## - SOURCE DATA FOUND
- Source citation: Work cat.: (NUST): Tajik, Nadia 16509, Enhancing Teachers' ICT pedagogy skills and evaluating their impact on student achievement in grade 7 Mathematics /, 2018.
